<?xml version="1.0" encoding="UTF-8"?>
<record
    xmlns:xsi="http://www.w3.org/2001/XMLSchema-instance"
    xsi:schemaLocation="http://www.loc.gov/MARC21/slim http://www.loc.gov/standards/marcxml/schema/MARC21slim.xsd"
    xmlns="http://www.loc.gov/MARC21/slim">

  <leader>03179nam a22003137a 4500</leader>
  <controlfield tag="001">113633</controlfield>
  <controlfield tag="003">DR-UNIBE</controlfield>
  <controlfield tag="005">20250515103531.0</controlfield>
  <controlfield tag="008">250515b2024    sp ||||| |||| 00| 0 spa d</controlfield>
  <datafield tag="020" ind1=" " ind2=" ">
    <subfield code="a">9788427731868</subfield>
  </datafield>
  <datafield tag="040" ind1=" " ind2=" ">
    <subfield code="a">BIBLIOTECA UNIBE</subfield>
    <subfield code="c">BIBLIOTECA UNIBE</subfield>
    <subfield code="e">rda</subfield>
  </datafield>
  <datafield tag="041" ind1=" " ind2=" ">
    <subfield code="a">spa</subfield>
  </datafield>
  <datafield tag="082" ind1=" " ind2=" ">
    <subfield code="a">371.9 M828e</subfield>
  </datafield>
  <datafield tag="100" ind1=" " ind2=" ">
    <subfield code="a">Moraleda Ruano, &#xC1;lvaro</subfield>
    <subfield code="e">autor</subfield>
    <subfield code="9">195408</subfield>
  </datafield>
  <datafield tag="245" ind1="1" ind2="0">
    <subfield code="a">Estigma y educaci&#xF3;n : </subfield>
    <subfield code="b">un enfoque para la igualdad /</subfield>
    <subfield code="c">&#xC1;lvaro Moraleda Ruano, Diego Gal&#xE1;n Casado</subfield>
  </datafield>
  <datafield tag="260" ind1=" " ind2=" ">
    <subfield code="a">Madrid :  </subfield>
    <subfield code="b">Narcea,</subfield>
    <subfield code="c">2024</subfield>
  </datafield>
  <datafield tag="300" ind1=" " ind2=" ">
    <subfield code="a">176 p&#xE1;ginas</subfield>
  </datafield>
  <datafield tag="490" ind1=" " ind2=" ">
    <subfield code="a">Gu&#xED;as para la formaci&#xF3;n</subfield>
  </datafield>
  <datafield tag="505" ind1=" " ind2=" ">
    <subfield code="a">1. Fundamentos del estigma: concepto y principales tipos |

2. Pol&#xED;ticas socioeducativas y su impacto para la reducci&#xF3;n del estigma |

3. Estigma y drogodependencias: perspectivas y desaf&#xED;os socioeducativos |

4. G&#xE9;nero y educaci&#xF3;n sexual: desmitificando prejuicios y estigmas |

5. Diversidad y multiculturalidad en la educaci&#xF3;n: desaf&#xED;os y estigma |

6. Uso problem&#xE1;tico de las TIC, apoyo social percibido y estigma digital en universitarios espa&#xF1;oles |

7. Estigma ante la discapacidad |

8. Pr&#xE1;cticas dial&#xF3;gicas para afrontar el estigma hacia los problemas de salud mental en los adolescentes |

9. Educaci&#xF3;n y prisi&#xF3;n: reducci&#xF3;n del estigma y reinserci&#xF3;n social |

10. Edadismo: el estigma hacia las personas mayores |
</subfield>
  </datafield>
  <datafield tag="520" ind1="3" ind2=" ">
    <subfield code="a">Entender y abordar el estigma supone uno de los grandes desaf&#xED;os de nuestra sociedad, especialmente considerando que este fen&#xF3;meno afecta a numerosos colectivos de manera sistem&#xE1;tica. Todo ser humano busca integrarse y participar activamente en su comunidad para mantener un bienestar &#xF3;ptimo. Sin embargo, los prejuicios infundados y las falsas creencias que se arraigan en el imaginario colectivo perpet&#xFA;an desigualdades estructurales y generan situaciones de exclusi&#xF3;n y vulnerabilidad. Este manual, elaborado desde una perspectiva socioeducativa, se presenta como un recurso pr&#xE1;ctico para analizar y mitigar el impacto del estigma en la calidad de vida de las personas. Se abordan contextos como la salud mental, la discapacidad, el edadismo, la drogodependencia, el &#xE1;mbito penitenciario, las pol&#xED;ticas socioeducativas, el entorno digital, la diversidad y la multiculturalidad, as&#xED; como el g&#xE9;nero y la educaci&#xF3;n sexual. Cada cap&#xED;tulo ofrece un an&#xE1;lisis profundo y fundamentado, dedicado a desmitificar y erradicar las creencias estigmatizantes. Con un enfoque claro e innovador, esta obra proporciona herramientas y estrategias efectivas para combatir el estigma en sus m&#xFA;ltiples manifestaciones. Es una invitaci&#xF3;n a la reflexi&#xF3;n y la acci&#xF3;n, constituy&#xE9;ndose en un recurso esencial para educadores, profesionales de diversos campos y cualquier persona comprometida con la promoci&#xF3;n de la equidad y la justicia social</subfield>
  </datafield>
  <datafield tag="650" ind1=" " ind2="7">
    <subfield code="2">lemb</subfield>
    <subfield code="a">Ense&#xF1;anza</subfield>
  </datafield>
  <datafield tag="650" ind1=" " ind2="7">
    <subfield code="2">lemb</subfield>
    <subfield code="a">Pedagog&#xED;a</subfield>
  </datafield>
  <datafield tag="650" ind1=" " ind2="7">
    <subfield code="2">lemb</subfield>
    <subfield code="a">Educaci&#xF3;n</subfield>
    <subfield code="x"> 	Cambio</subfield>
    <subfield code="9">195428</subfield>
  </datafield>
  <datafield tag="650" ind1=" " ind2="7">
    <subfield code="2">lemb</subfield>
    <subfield code="a">Pol&#xED;ticas educativas</subfield>
    <subfield code="9">195429</subfield>
  </datafield>
  <datafield tag="653" ind1=" " ind2=" ">
    <subfield code="a">Educaci&#xF3;n inclusiva</subfield>
  </datafield>
  <datafield tag="700" ind1="1" ind2=" ">
    <subfield code="a">Gal&#xE1;n Casado, Diego </subfield>
    <subfield code="e">autor</subfield>
    <subfield code="9">195418</subfield>
  </datafield>
  <datafield tag="700" ind1="1" ind2=" ">
    <subfield code="a">Luengo Latorre,  Jos&#xE9; Antonio</subfield>
    <subfield code="e">prologuista</subfield>
    <subfield code="9">195419</subfield>
  </datafield>
  <datafield tag="942" ind1=" " ind2=" ">
    <subfield code="2">ddc</subfield>
    <subfield code="c">BK</subfield>
  </datafield>
  <datafield tag="999" ind1=" " ind2=" ">
    <subfield code="c">113633</subfield>
    <subfield code="d">113633</subfield>
  </datafield>
  <datafield tag="952" ind1=" " ind2=" ">
    <subfield code="0">0</subfield>
    <subfield code="1">0</subfield>
    <subfield code="2">ddc</subfield>
    <subfield code="7">0</subfield>
    <subfield code="8">GEN</subfield>
    <subfield code="a">Principal</subfield>
    <subfield code="d">2025-05-15</subfield>
    <subfield code="l">1</subfield>
    <subfield code="o">371.9 M828e</subfield>
    <subfield code="p">250601</subfield>
    <subfield code="r">2025-05-21 09:12:47</subfield>
    <subfield code="s">2025-05-21</subfield>
    <subfield code="t">Ej. 1</subfield>
    <subfield code="w">2025-05-15</subfield>
    <subfield code="y">BK</subfield>
  </datafield>
</record>
